00753nam a2200181Ia 4500001001000000003000500010008004100015010001100056040000900067100003200076245023200108260003500340300001000375502007100385650001500456650004700471710005300518Para_1432CHAP220125s1999 xx 000 0 und d a200179 cCHAP aMorgado Gutiérrez, Javier aEstrategias para controlar al pistillo (Phalaris spp) resistente a herbicidas Aryl Oxyphenoxypropianatos y ciclohexano dionas en trigo (Triticum vulgare L.), como parte de un manejo integrado /c por Javier Morgado Gutiérrez aChapingo, Méx. :b El autor a60 h. aTesis (M.C. en Protección Vegetal), UACh. Depto. Parasitología aHerbicidas aMalas hierbas x resistencia a herbicidas  aUACh. Departamento de Parasitología Agrícola